Použitie plynov 1

Bibliographic Details
Main Author: Ponevský, Nikolaj (Author)
Format: Book
Language:Slovak
PhysicalDescription:180 s., 13,152 AH Tb. Sch. 29 cm
Published: Košice VŠT 1988
Edition:1. vyd.

MARC

LEADER 00000nam a2200000 a 4500
001 vtls001081345
003 SK-MaSNL
005 20260301153247.0
008 250414s1988 xo 0 slo
015 |a SNBA1989/06 
035 |a SNK000024183 
040 |a SNK  |b slo  |c SNK  |e AACR2 
041 0 |a slo 
044 |a xo  |c SK 
080 |a 662.76(075.8)  |2 1981 
100 1 |a Ponevský, Nikolaj  |4 aut  |9 349125 
245 1 0 |a Použitie plynov 1  |c Nikolaj Ponevský 
250 |a 1. vyd. 
260 |a Košice  |b VŠT  |c 1988  |e Košice  |f Edičné stredisko VŠT 
300 |a 180 s., 13,152 AH  |b Tb. Sch.  |c 29 cm 
366 |e 100 výtl. 
500 |a Lit. 8. Schválil Rektorát VŠT ako skriptum. Rozmn. 8 zázn. v slov., češ. a ruš. 
852 |a Slovenská národná knižnica 
958 |a OND 
958 |a NB 
958 |a RM 
958 |a UV 
999 |c 792213  |d 794143 
952 |t P60, <04>, [BOOK], {604}  |a SNK  |b SNK  |y VYP  |7 0  |p 17A0154452  |o snkSB 44893/1 D1  |0 0  |1 0  |4 0  |d 1998-08-10  |l 0  |r 2004-12-31 00:00:00  |w 2026-02-24 
952 |a SNK  |b SNK  |y PREZ  |7 0  |p 17A0852434  |o snkSB 44893/1   |0 0  |1 0  |4 0  |d 2012-07-09  |f 1  |l 0  |r 2026-02-24 01:41:53  |w 2026-02-24